[Event "66th ch-RUS w 2016"]
[Site "Novosibirsk RUS"]
[Date "2016.10.21"]
[Round "6"]
[White "Ovod,E"]
[Black "Gunina,V"]
[Result "0-1"]
[WhiteElo "2362"]
[BlackElo "2535"]
[EventDate "2016.10.15"]

1. d4 Nf6 2. Bf4 b6 3. e3 Bb7 4. Nf3 Nh5 5. Bg5 h6 6. Bh4 g5 7. Nfd2 Nf4 8.
exf4 gxh4 9. Qh5 e6 10. Nf3 c5 11. Nc3 cxd4 12. Ne5 Qf6 13. Nb5 Qxf4 14.
Bd3 Rg8 15. g3 Qf6 16. O-O Rg5 17. Qxh4 Qxe5 18. Rae1 Qc5 19. f4 Rg8 20. b4
Qe7 21. Qh5 Na6 22. a3 O-O-O 23. Nxa7+ Kb8 24. Nb5 Bg7 25. f5 e5 26. Nxd4
Qd6 27. Nb3 Bf6 28. Rf2 Rg5 29. Qe2 Nc7 30. Nd2 e4 31. Bxe4 Bd4 32. Bxb7
Kxb7 33. Ne4 Qc6 34. Nxg5 hxg5 35. Qd3 Bxf2+ 36. Kxf2 d5 37. Re7 f6 38. Kg1
Re8 39. Rxe8 Qxe8 40. Kf2 Qe5 41. Kf3 Ne8 42. h4 gxh4 43. gxh4 Nd6 44. Kg4
Ne4 45. Qf3 Qc7 46. b5 Qxc2 47. Kh5 Qc8 48. a4 Qg8 49. Kh6 Qh8+ 50. Kg6
Qxh4 51. Qf1 d4 52. Kf7 Qh7+ 53. Ke6 d3 54. Qg2 Kc7 55. Qxe4 Qd7+ 56. Kxf6
d2 57. Qc2+ Kd8 58. Qd1 Qd3 59. Kg7 Qg3+ 60. Kf7 Qe1 61. Qf3 Qe7+ 62. Kg6
Qd6+ 63. f6 d1=Q 64. Qa8+ Kd7 65. Qb7+ Qc7 66. Qe4 Qdc2 0-1

[Event "66th ch-RUS w 2016"]
[Site "Novosibirsk RUS"]
[Date "2016.10.21"]
[Round "6"]
[White "Bodnaruk,A"]
[Black "Charochkina,D"]
[Result "1/2-1/2"]
[WhiteElo "2463"]
[BlackElo "2366"]
[EventDate "2016.10.15"]

1. e4 c6 2. d4 d5 3. e5 Bf5 4. Nf3 e6 5. Be2 Nd7 6. O-O Bb4 7. Bg5 Qc7 8.
c3 Ba5 9. Nbd2 h6 10. Bh4 g5 11. Bg3 Ne7 12. b4 Bb6 13. a4 a5 14. Nb3 Bg6
15. h3 axb4 16. cxb4 Nf5 17. Bh2 Qd8 18. Qd2 O-O 19. g4 Ng7 20. h4 f5 21.
exf6 Nxf6 22. Ne5 Ne4 23. Qe3 Bh7 24. h5 Qe7 25. Nc5 Bc7 26. Bd3 b6 27.
Nxe4 dxe4 28. Bxe4 Bxe4 29. Qxe4 Qxb4 30. Qxc6 Ra7 31. Qe4 Rxa4 32. Rac1
Bb8 33. Rc4 Qb3 34. Rb1 Qa2 35. Rxa4 Qxa4 36. Rxb6 Ba7 37. Rd6 Bb8 38. Rc6
Ba7 39. Rc4 Qa2 40. Bg3 Bb8 41. Rb4 Qd5 42. Qxd5 exd5 43. Rb6 Ba7 44. Rxh6
Bxd4 45. Rg6 Kh7 46. Rd6 Re8 47. Rxd5 Bxe5 48. Bxe5 Ne6 49. Rd7+ Kh6 50.
Kg2 Nc5 51. Bg7+ Kh7 52. Ra7 Nd3 53. Bf8+ Kg8 54. Bd6 Re4 55. Kg3 Rd4 56.
Ra6 Nc1 57. Kf3 Nb3 58. Be7 Rf4+ 59. Kg3 Nd4 60. Bxg5 Ne2+ 61. Kh4 Rxf2 62.
Be3 Rf3 63. Bd2 Rd3 64. Ra8+ Kh7 65. Bg5 Rf3 66. Ra7+ Kg8 67. h6 Nd4 68.
h7+ Kh8 69. Kh5 Ne6 70. Bh6 Nf4+ 71. Kg5 Ne6+ 72. Kg6 Nf8+ 73. Kh5 Rh3+ 74.
Kg5 Ne6+ 75. Kg6 Nf8+ 76. Bxf8 Rh6+ 77. Kg5 Rg6+ 78. Kf5 Rf6+ 79. Ke5 Re6+
80. Kd5 Rd6+ 81. Kc4 Rc6+ 82. Kd3 Rd6+ 83. Ke3 Re6+ 84. Kf3 Rf6+ 85. Kg3
Rf3+ 86. Kh4 Rh3+ 87. Kg5 Rh5+ 88. Kf6 Rh6+ 89. Ke5 Re6+ 90. Kd5 Rd6+ 91.
Kc4 Rc6+ 92. Kb5 Rb6+ 93. Ka5 Rb5+ 94. Ka4 Rb4+ 95. Bxb4 1/2-1/2

[Event "66th ch-RUS w 2016"]
[Site "Novosibirsk RUS"]
[Date "2016.10.21"]
[Round "6"]
[White "Pustovoitova,D"]
[Black "Ubiennykh,E"]
[Result "1-0"]
[WhiteElo "2386"]
[BlackElo "2346"]
[EventDate "2016.10.15"]

1. d4 Nf6 2. c4 g6 3. Nc3 Bg7 4. e4 O-O 5. Nge2 c6 6. Ng3 d5 7. e5 Ne8 8.
cxd5 cxd5 9. h4 Nc6 10. h5 Nc7 11. hxg6 fxg6 12. Be3 Ne6 13. Nge2 b5 14. g3
b4 15. Na4 Qa5 16. b3 Rd8 17. Rc1 Nxe5 18. dxe5 d4 19. Nxd4 Qxe5 20. Qf3
Nxd4 21. Qxa8 Qf5 22. Bc4+ Kh8 23. Bxd4 Bxd4 24. O-O Rf8 25. Qg2 Qh5 26.
Rcd1 Rxf2 27. Rxf2 Qxd1+ 28. Bf1 Bf5 29. Nb2 Qd2 30. Nd3 Kg7 31. Kh1 Qh6+
32. Qh2 Qe3 33. Rxf5 gxf5 34. Nf4 Bb6 35. Qg2 e5 36. Qb7+ Kh6 37. Ne2 e4
38. Qe7 Qf3+ 39. Kh2 Qh5+ 40. Qh4 Qxh4+ 41. gxh4 Bc7+ 42. Ng3 Kg6 43. Bh3
Kf6 44. Kg2 Bxg3 45. Kxg3 Ke5 46. h5 h6 47. Bf1 a5 48. Bb5 f4+ 49. Kg4 f3
50. Bf1 Kd4 51. Kf4 f2 52. Kg3 e3 53. Kf3 Kc3 54. Kxe3 Kb2 55. Kxf2 Kxa2
56. Bc4 Kb2 57. Ke3 Kc3 58. Bg8 1-0

[Event "66th ch-RUS w 2016"]
[Site "Novosibirsk RUS"]
[Date "2016.10.23"]
[Round "7"]
[White "Charochkina,D"]
[Black "Pustovoitova,D"]
[Result "0-1"]
[WhiteElo "2366"]
[BlackElo "2386"]
[EventDate "2016.10.15"]

1. d4 d5 2. c4 c6 3. Nc3 Nf6 4. Nf3 e6 5. Bg5 Nbd7 6. e3 Qa5 7. Nd2 dxc4 8.
Bxf6 Nxf6 9. Nxc4 Qc7 10. Bd3 Be7 11. O-O O-O 12. Rc1 c5 13. Bb1 Rd8 14.
Qc2 cxd4 15. Nb5 Qc5 16. Nxd4 b6 17. b4 Qd5 18. e4 Qxd4 19. Rfd1 Qxe4 20.
Rxd8+ Bxd8 21. Qxe4 Nxe4 22. Bxe4 Rb8 23. Ne5 Bg5 24. Rd1 f5 25. Bc6 b5 26.
f4 Be7 27. Bf3 Kf8 28. a3 a6 29. g3 Bf6 30. Rd6 g5 31. Rc6 g4 32. Bg2 Bd8
33. Rxa6 Bb6+ 34. Kf1 Bxa6 35. Nd7+ Ke7 36. Nxb8 Bc8 37. Nc6+ Kd6 38. Ne5
Bd4 39. Nd3 Bd7 40. Ke2 Bc6 41. Bf1 Bd5 42. Kd2 Bc4 43. h3 h5 44. hxg4 hxg4
45. Be2 Kd5 46. Bf1 Bg1 47. Bg2+ Kd4 48. Ne5 Be3+ 49. Kc2 Bf2 50. Kd2 Bd5
51. Nc6+ Bxc6 52. Bxc6 Bxg3 53. Bxb5 Bxf4+ 54. Ke2 Bd6 55. Bd7 Kd5 56. Bc8
f4 57. Bd7 Ke5 58. Bc8 Bb8 59. Kf2 f3 60. Kg3 Kf5+ 61. Kh4 g3 62. Ba6 g2
0-1

[Event "66th ch-RUS w 2016"]
[Site "Novosibirsk RUS"]
[Date "2016.10.23"]
[Round "7"]
[White "Gunina,V"]
[Black "Bodnaruk,A"]
[Result "0-1"]
[WhiteElo "2535"]
[BlackElo "2463"]
[EventDate "2016.10.15"]

1. d4 d6 2. c4 e5 3. e3 Nc6 4. Nc3 g6 5. d5 Nce7 6. h4 Nf6 7. Be2 Bg7 8. h5
O-O 9. h6 Bh8 10. e4 c6 11. g4 b5 12. g5 Ne8 13. dxc6 bxc4 14. Qa4 d5 15.
exd5 Nxd5 16. Nxd5 Qxd5 17. Rh4 Qg2 18. Nf3 e4 19. Rxe4 Qh1+ 20. Kd2 Bf5
21. Re7 Rd8+ 22. Ke3 Nc7 23. Bxc4 Nd5+ 24. Bxd5 Rxd5 25. Ke2 Bd3+ 26. Ke3
Bb5 27. Qe4 Bxc6 28. Qc4 Rd7 29. Re4 Bxe4 30. Qxe4 Rd1 31. Qc6 Rfd8 32. Bd2
Rxa1 33. Ba5 Rc1 34. Qb5 Rdc8 35. Qd7 Qd1 36. Nd2 Qe1+ 37. Kf3 Qe6 0-1

[Event "66th ch-RUS w 2016"]
[Site "Novosibirsk RUS"]
[Date "2016.10.23"]
[Round "7"]
[White "Kashlinskaya,A"]
[Black "Ovod,E"]
[Result "1/2-1/2"]
[WhiteElo "2462"]
[BlackElo "2362"]
[EventDate "2016.10.15"]

1. d4 d5 2. c4 e6 3. Nc3 Be7 4. cxd5 exd5 5. Bf4 c6 6. e3 Bd6 7. Bxd6 Qxd6
8. Bd3 Ne7 9. Qc2 g6 10. Nf3 Bf5 11. Bxf5 Nxf5 12. O-O O-O 13. e4 dxe4 14.
Nxe4 Qf4 15. Rfe1 Nd7 16. Qb3 Nb6 17. a4 Rab8 18. Nf6+ Kg7 19. a5 Kxf6 20.
axb6 axb6 21. Ne5 Rbd8 22. d5 Rxd5 23. g3 Qd4 24. Nd7+ Rxd7 25. Rad1 Re8
26. Rf1 b5 27. Rxd4 Nxd4 28. Qc3 Re2 29. Rd1 b4 30. Qxb4 c5 31. Qc3 Re5 32.
Kg2 h5 33. Re1 Rxe1 34. Qxe1 b6 35. Qe8 Rd6 36. f4 Re6 37. Qd8+ Kg7 38. Kf1
Nf5 39. Kf2 Nd4 40. Kf1 Nf5 41. Kf2 Nd4 1/2-1/2

[Event "66th ch-RUS w 2016"]
[Site "Novosibirsk RUS"]
[Date "2016.10.23"]
[Round "7"]
[White "Girya,O"]
[Black "Goryachkina,A"]
[Result "1/2-1/2"]
[WhiteElo "2446"]
[BlackElo "2460"]
[EventDate "2016.10.15"]

1. d4 Nf6 2. c4 e6 3. Nc3 Bb4 4. Qc2 O-O 5. Nf3 c5 6. dxc5 Na6 7. g3 Nxc5
8. Bg2 d6 9. O-O Bd7 10. Nd4 a6 11. Bd2 Rc8 12. a3 Bxc3 13. Bxc3 h6 14.
Rac1 e5 15. Nf5 Ba4 16. Qb1 g6 17. Ne3 Bc6 18. Nd5 Nxd5 19. cxd5 Bb5 20.
Rfe1 Nb3 21. Rcd1 Qb6 22. Qe4 Rc4 23. Qf3 Ba4 24. e4 Nd4 25. Bxd4 exd4 26.
Rd2 Rfc8 27. h4 Rc1 28. Rxc1 Rxc1+ 29. Kh2 Rc2 30. Rxc2 Bxc2 31. h5 Kg7 32.
hxg6 fxg6 33. Qg4 Qc7 34. Qe6 d3 35. e5 d2 36. Qf6+ Kg8 37. Qe6+ Kg7 38.
Qf6+ Kg8 39. Qe6+ Kg7 1/2-1/2

[Event "66th ch-RUS w 2016"]
[Site "Novosibirsk RUS"]
[Date "2016.10.24"]
[Round "8"]
[White "Ovod,E"]
[Black "Girya,O"]
[Result "1-0"]
[WhiteElo "2362"]
[BlackElo "2446"]
[EventDate "2016.10.15"]

1. d4 d5 2. Bf4 Bf5 3. e3 e6 4. Nf3 Bd6 5. Bg3 Nf6 6. c4 O-O 7. Nc3 Nc6 8.
Rc1 a6 9. a3 Re8 10. Bh4 Be7 11. Be2 Ne4 12. Bxe7 Nxe7 13. Nh4 Nxc3 14.
Rxc3 Be4 15. f3 Ng6 16. g3 Nxh4 17. fxe4 Ng6 18. cxd5 exd5 19. exd5 Qxd5
20. O-O Qg5 21. Qb3 Re7 22. Qxb7 Rf8 23. Qf3 Re6 24. Bc4 Rf6 25. Qe2 Rxf1+
26. Qxf1 a5 27. Qf3 Kh8 28. Bd3 Qd8 29. Rc5 a4 30. Bb5 Qe7 31. Bxa4 Rb8 32.
b4 f6 33. Kf2 Nf8 34. Bb3 h6 35. Qd5 Nh7 36. Qe6 Qd8 37. h4 f5 38. Rd5 Qf8
39. Rxf5 Nf6 40. Kg2 Re8 41. Qf7 Qxf7 42. Bxf7 Rxe3 43. Bg6 Kg8 44. a4 Ra3
45. Rc5 Kf8 46. a5 Ra2+ 47. Rc2 Ra4 48. Rxc7 Rxb4 49. a6 1-0

[Event "66th ch-RUS w 2016"]
[Site "Novosibirsk RUS"]
[Date "2016.10.24"]
[Round "8"]
[White "Bodnaruk,A"]
[Black "Kashlinskaya,A"]
[Result "1/2-1/2"]
[WhiteElo "2463"]
[BlackElo "2462"]
[EventDate "2016.10.15"]

1. e4 e6 2. d4 d5 3. e5 c5 4. c3 Nc6 5. Nf3 Qb6 6. a3 Nh6 7. b4 cxd4 8.
cxd4 Nf5 9. Be3 f6 10. exf6 gxf6 11. Bd3 Nxe3 12. fxe3 Bh6 13. Qe2 a5 14.
b5 Ne7 15. Ne5 fxe5 16. Qh5+ Kd8 17. Qxh6 exd4 18. Nd2 dxe3 19. Nf3 Bd7 20.
O-O e2+ 21. Rf2 Rc8 22. Qf6 Re8 23. Nd4 Rc5 24. Rxe2 Kc8 25. Kh1 Ng8 26.
Qe5 Qc7 27. Bxh7 Qxe5 28. Rxe5 Rc4 29. Rd1 Nf6 30. Bg6 Rh8 31. h3 Rh6 32.
Bf7 Ne4 33. Kg1 Nc5 34. b6 Rf6 35. Bg8 Ba4 36. Rd2 Ne4 37. Rxe4 Rc1+ 38.
Kh2 dxe4 39. Bxe6+ Kb8 40. Nb3 Rxe6 41. Nxc1 Rxb6 42. Kg3 Rb1 43. Ne2 Rb3+
44. Kf4 Rxa3 45. h4 e3 46. Rb2 Rd3 47. h5 Rd2 48. h6 Rd6 49. Kg5 Rd5+ 50.
Kh4 Rd6 51. Kg5 Rd5+ 52. Kh4 Rd6 53. Kg5 1/2-1/2

[Event "66th ch-RUS w 2016"]
[Site "Novosibirsk RUS"]
[Date "2016.10.24"]
[Round "8"]
[White "Pustovoitova,D"]
[Black "Gunina,V"]
[Result "0-1"]
[WhiteElo "2386"]
[BlackElo "2535"]
[EventDate "2016.10.15"]

1. d4 Nf6 2. c4 e6 3. Nc3 Bb4 4. e3 O-O 5. Bd3 c5 6. Nf3 d5 7. cxd5 exd5 8.
dxc5 Nbd7 9. Bd2 Nxc5 10. Be2 Ne6 11. Nb5 Bxd2+ 12. Qxd2 Ne4 13. Qb4 Qb6
14. Qa3 Nf4 15. exf4 Qxf2+ 16. Kd1 Re8 17. Rf1 Qxg2 18. Rg1 Qf2 19. Nbd4
Bh3 20. Rc1 Bg2 21. Rc2 Rac8 22. Qb3 Nc5 23. Qc3 Bxf3 24. Nxf3 d4 25. Qe1
Qe3 26. Qg3 g6 27. Ne5 Qe4 28. Qf3 Qxf3 29. Bxf3 f6 30. Nc4 d3 31. Rc1 Red8
32. Kd2 Rd4 33. f5 Kg7 34. Ne3 Rf4 35. Rg3 g5 36. Nd5 Ra4 37. b4 Rxa2+ 38.
Kd1 Nb3 39. Rb1 Rb2 40. Ra1 Nxa1 41. Be4 Nb3 0-1

[Event "66th ch-RUS w 2016"]
[Site "Novosibirsk RUS"]
[Date "2016.10.24"]
[Round "8"]
[White "Galliamova,A"]
[Black "Ubiennykh,E"]
[Result "1-0"]
[WhiteElo "2450"]
[BlackElo "2346"]
[EventDate "2016.10.15"]

1. d4 Nf6 2. Nf3 d5 3. c4 e6 4. Nc3 Be7 5. cxd5 exd5 6. Bf4 c6 7. e3 Bf5 8.
Bd3 Bxd3 9. Qxd3 Nbd7 10. h3 Nf8 11. g4 Ne6 12. Bg3 h5 13. g5 Ne4 14. Nxe4
dxe4 15. Qxe4 Qa5+ 16. Kf1 Qb5+ 17. Kg2 Nxg5 18. Nxg5 Qxg5 19. h4 Qf6 20.
b4 O-O 21. b5 Rad8 22. bxc6 bxc6 23. Rac1 Rd5 24. Rc4 Rc8 25. Rhc1 g5 26.
hxg5 Qxg5 27. Kh2 Qf6 28. Rg1 Rg5 29. Bf4 Rxg1 30. Kxg1 c5 31. Be5 Qg5+ 32.
Qg2 Qxg2+ 33. Kxg2 Rc6 34. d5 Ra6 35. a4 f6 36. Bc7 Kf7 37. e4 Ke8 38. Bf4
Rb6 39. d6 Bxd6 40. Bxd6 Rxd6 41. Rxc5 Rd4 42. Ra5 Rxe4 43. Rxa7 h4 44. a5
Ra4 45. Kh3 Rf4 46. a6 Ra4 47. f4 f5 48. Ra8+ Kf7 49. Kxh4 Rxf4+ 50. Kg5
Ra4 51. Kxf5 Ra5+ 52. Ke4 Kg7 53. Kd4 Rf5 54. Rb8 Ra5 55. Ra8 Rf5 56. Ra7+
Kf6 57. Kc4 Re5 58. Rb7 Re4+ 59. Kb5 Re5+ 60. Kb6 Re6+ 61. Ka5 Re5+ 62. Kb6
Re6+ 63. Ka7 Ke5 64. Rd7 Rc6 65. Kb7 Rc4 66. a7 Rb4+ 67. Kc8 Ra4 68. Kb8
Ke6 69. Rb7 Kd5 1-0

[Event "66th ch-RUS w 2016"]
[Site "Novosibirsk RUS"]
[Date "2016.10.25"]
[Round "9"]
[White "Charochkina,D"]
[Black "Galliamova,A"]
[Result "0-1"]
[WhiteElo "2366"]
[BlackElo "2450"]
[EventDate "2016.10.15"]

1. d4 d5 2. c4 c6 3. Nc3 Nf6 4. Nf3 e6 5. Bg5 Nbd7 6. e3 h6 7. Bf4 Nh5 8.
Be5 Nhf6 9. Bg3 Nh5 10. Bh4 g5 11. Nd2 Ng7 12. Bg3 Nf5 13. e4 Nxg3 14. hxg3
Bg7 15. e5 c5 16. cxd5 cxd4 17. dxe6 dxc3 18. exd7+ Bxd7 19. bxc3 Bxe5 20.
Bc4 Bxc3 21. O-O Bc6 22. Qh5 O-O 23. Rad1 Bg7 24. Ne4 Qc7 25. Nd6 Ba4 26.
Rd2 b5 27. Bd5 Rab8 28. Nf5 Rb6 29. Re1 Rf6 30. g4 b4 31. Rde2 a5 32. Re7
Qc5 33. R1e5 Qc1+ 34. Kh2 Qf4+ 35. Kh3 Qxf2 36. Rxf7 R8xf7 37. Re7 Rxf5 38.
gxf5 Qxf5+ 39. Kh2 Qxd5 0-1

[Event "66th ch-RUS w 2016"]
[Site "Novosibirsk RUS"]
[Date "2016.10.25"]
[Round "9"]
[White "Kashlinskaya,A"]
[Black "Pustovoitova,D"]
[Result "0-1"]
[WhiteElo "2462"]
[BlackElo "2386"]
[EventDate "2016.10.15"]

1. d4 Nf6 2. c4 e6 3. Nc3 Bb4 4. Qc2 d5 5. cxd5 exd5 6. Bg5 h6 7. Bh4 g5 8.
Bg3 Ne4 9. e3 h5 10. f3 Nxg3 11. hxg3 Qe7 12. Qd2 Be6 13. Bd3 c6 14. Nge2
Nd7 15. g4 h4 16. Ng3 Bd6 17. Nf5 Bxf5 18. Bxf5 Bg3+ 19. Kd1 O-O-O 20. Kc2
Rhe8 21. e4 dxe4 22. fxe4 Kb8 23. Rad1 Nb6 24. Ne2 Bd6 25. Kb1 c5 26. d5
Be5 27. Rc1 Nc8 28. g3 hxg3 29. Bxc8 Rxc8 30. Rhg1 f6 31. Rc2 Qd7 32. Nxg3
Qxg4 33. Qe2 Qxe2 34. Rxe2 Rh8 35. Nf5 Rh3 36. Rc2 b6 37. Ne7 Rc7 38. Nc6+
Rxc6 39. dxc6 Kc7 40. b4 Kxc6 41. bxc5 bxc5 42. Rgc1 Bd4 43. Rc4 Kd6 44.
Ra4 Rh7 45. Rf1 Ke5 46. Rf5+ Kxe4 47. Rxf6 Kd3 48. Rf1 Rb7+ 49. Kc1 Be3+
0-1

[Event "66th ch-RUS w 2016"]
[Site "Novosibirsk RUS"]
[Date "2016.10.25"]
[Round "9"]
[White "Girya,O"]
[Black "Bodnaruk,A"]
[Result "1/2-1/2"]
[WhiteElo "2446"]
[BlackElo "2463"]
[EventDate "2016.10.15"]

1. d4 Nf6 2. c4 g6 3. Nf3 Bg7 4. g3 O-O 5. Bg2 d6 6. O-O Nc6 7. Nc3 a6 8.
Bf4 Rb8 9. Rc1 Bd7 10. Qd2 Re8 11. Rfd1 b5 12. Nd5 bxc4 13. Nxf6+ exf6 14.
Rxc4 Ne7 15. e4 g5 16. Be3 d5 17. exd5 Nxd5 18. Qc1 Bf5 19. Bd2 Qd7 20. Ba5
Bh3 21. Bd2 Bxg2 22. Kxg2 Re2 23. Re1 Rbe8 24. Rxe2 Rxe2 25. Ng1 Re8 26.
Rc5 h6 27. Qc4 Nb6 28. Qd3 Bf8 29. Rf5 Nd5 30. h3 c5 31. Rf3 h5 32. Qf5 Qb7
33. Kh2 cxd4 34. Rd3 Bc5 35. Qf3 Re5 36. b4 Bb6 37. Qxh5 Qc6 38. Qd1 Nc3
39. Qc2 Rf5 40. Be1 Qe6 41. Bxc3 dxc3 42. Nf3 a5 43. Rxc3 axb4 44. Rc6 Qd5
45. Rxb6 Qxf3 46. Rxb4 Qxf2+ 47. Qxf2 Rxf2+ 48. Kg1 Rxa2 49. h4 Kg7 50.
hxg5 fxg5 51. Kf1 Kf6 52. Rb5 Kg6 53. Rb4 Kf5 54. Rc4 f6 55. Rb4 Ke5 56.
Rb6 Rd2 57. Ra6 f5 58. Ra4 Rd4 59. Ra2 Ke4 60. Kf2 f4 61. gxf4 Kxf4 62. Ra3
Rd2+ 63. Kf1 g4 64. Rb3 Rd4 65. Kg2 Re4 66. Ra3 Re2+ 67. Kg1 Re3 68. Rxe3
Kxe3 69. Kg2 Kf4 70. Kf2 g3+ 71. Kg2 Kg4 72. Kg1 Kf3 73. Kf1 g2+ 74. Kg1
Kg3 1/2-1/2

[Event "66th ch-RUS w 2016"]
[Site "Novosibirsk RUS"]
[Date "2016.10.25"]
[Round "9"]
[White "Goryachkina,A"]
[Black "Ovod,E"]
[Result "1/2-1/2"]
[WhiteElo "2460"]
[BlackElo "2362"]
[EventDate "2016.10.15"]

1. d4 Nf6 2. c4 e6 3. Nc3 c5 4. d5 exd5 5. cxd5 d6 6. Nf3 g6 7. Bf4 Bg7 8.
Qa4+ Bd7 9. Qb3 Qc7 10. h3 O-O 11. e3 Na6 12. Be2 Rab8 13. O-O Rfe8 14. Nd2
b5 15. a4 bxa4 16. Qd1 Nb4 17. e4 Bf8 18. Re1 a6 19. Bf1 Bb5 20. Nc4 Bxc4
21. Bxc4 Nd7 22. Nxa4 Bg7 23. Bf1 h6 24. Bd2 Re7 25. Bc3 Rbe8 26. Qc1 Qb8
27. Bxg7 Kxg7 28. Qc3+ Kh7 29. f3 g5 30. b3 f5 31. exf5 Rxe1 32. Rxe1 Nxd5
33. Rxe8 Qxe8 34. Qd3 N7f6 35. Nc3 Nb4 36. Qxd6 Qe3+ 37. Kh2 Qxc3 38. Qe7+
Kh8 39. Bc4 Qd4 40. Qf8+ Kh7 41. Qe7+ Kh8 42. Qf8+ 1/2-1/2

[Event "66th ch-RUS w 2016"]
[Site "Novosibirsk RUS"]
[Date "2016.10.26"]
[Round "10"]
[White "Bodnaruk,A"]
[Black "Goryachkina,A"]
[Result "1-0"]
[WhiteElo "2463"]
[BlackElo "2460"]
[EventDate "2016.10.15"]

1. e4 Nf6 2. e5 Nd5 3. d4 d6 4. Nf3 dxe5 5. Nxe5 c6 6. Be2 Nd7 7. Nf3 g6 8.
c4 Nc7 9. Nc3 Bg7 10. Bf4 Ne6 11. Be3 O-O 12. Qd2 Nf6 13. Ne5 Nd7 14. Nf3
Nf6 15. Ne5 Nd7 16. Nf3 Nf6 17. Ne5 Nd7 18. Nf3 a6 19. O-O-O Qa5 20. h4 b5
21. Kb1 f5 22. Qc2 b4 23. Na4 f4 24. Bc1 c5 25. h5 Nxd4 26. Nxd4 cxd4 27.
hxg6 hxg6 28. Qxg6 Qf5+ 29. Qxf5 Rxf5 30. b3 Ra7 31. Bg4 Ne5 32. Bh3 Nc6
33. Nb6 Be6 34. Rhe1 Kf7 35. Rxe6 Kxe6 36. Bxf4 Kf6 37. Nd5+ Kg6 38. Bxf5+
Kxf5 39. Bd2 a5 40. g4+ Kg6 41. Nf4+ Kf7 42. Nd3 e5 43. Re1 a4 44. Kb2 a3+
45. Kc2 Rb7 46. f4 exf4 47. Bxf4 Nd8 48. Be5 Bxe5 49. Rxe5 Kf6 50. Rd5 Ne6
51. Rd6 Rh7 52. Nc5 Rh2+ 53. Kd3 Rh3+ 54. Ke2 d3+ 55. Kf2 Ke5 56. Rxe6+ Kd4
57. Kg2 Rh4 58. Ne4 d2 59. Nxd2 Kc3 60. Nf3 1-0

[Event "66th ch-RUS w 2016"]
[Site "Novosibirsk RUS"]
[Date "2016.10.26"]
[Round "10"]
[White "Pustovoitova,D"]
[Black "Girya,O"]
[Result "1/2-1/2"]
[WhiteElo "2386"]
[BlackElo "2446"]
[EventDate "2016.10.15"]

1. d4 d5 2. c4 c6 3. Nf3 Nf6 4. e3 Bg4 5. h3 Bh5 6. g4 Bg6 7. Ne5 Nbd7 8.
Nxg6 hxg6 9. Bg2 dxc4 10. Nd2 e5 11. Nxc4 exd4 12. Qxd4 Nb6 13. Qxd8+ Rxd8
14. Ne5 Nfd7 15. Nxd7 Bb4+ 16. Ke2 Rxd7 17. a3 Be7 18. b3 Bf6 19. Ra2 Nd5
20. Bd2 Nc3+ 21. Bxc3 Bxc3 22. Rc1 Bf6 23. Rd1 Rxd1 24. Kxd1 Ke7 25. Rd2
Rd8 26. Rxd8 Kxd8 27. Kc2 Ke7 28. f4 g5 29. f5 Kd6 30. a4 a5 31. Bf1 Be5
32. Bc4 f6 33. Bf7 Kc5 34. Be6 Bg3 35. Kd3 Kb4 36. Kc2 Bf2 37. e4 b5 38.
axb5 cxb5 39. Bd7 Bb6 40. Be8 Bc7 41. Bd7 a4 42. bxa4 bxa4 43. Bc6 Bf4 44.
Bd7 a3 45. Be6 Kc5 46. Kb3 Bc1 47. Ka2 Kb4 48. Bd5 Bf4 49. Be6 Bd6 50. Bd5
Kc3 51. Be6 Kd4 52. Bd5 Ke5 53. Bb3 Kxe4 54. Bd1 Kf4 55. Kb3 Kg3 56. Ka2
Kxh3 57. Kb3 Kg3 58. Ka2 Kf4 59. Kb3 Bf8 60. Ka2 g6 61. fxg6 f5 62. gxf5
Kxf5 63. g7 Bxg7 64. Kxa3 g4 65. Bxg4+ Kxg4 1/2-1/2

[Event "66th ch-RUS w 2016"]
[Site "Novosibirsk RUS"]
[Date "2016.10.26"]
[Round "10"]
[White "Galliamova,A"]
[Black "Gunina,V"]
[Result "0-1"]
[WhiteElo "2450"]
[BlackElo "2535"]
[EventDate "2016.10.15"]

1. d4 Nf6 2. c4 e6 3. Nf3 b6 4. a3 Bb7 5. Nc3 d5 6. Qa4+ c6 7. g3 dxc4 8.
Qxc4 c5 9. dxc5 Bxc5 10. Bg2 O-O 11. O-O Nbd7 12. b4 Be7 13. Bb2 a6 14.
Rfd1 b5 15. Qf4 Qb8 16. Qe3 Bd8 17. a4 Bb6 18. Qf4 e5 19. Qf5 g6 20. Qg5 h6
21. Qh4 Kg7 22. Bh3 Bxf3 23. Bxd7 Bb7 24. axb5 axb5 25. Bxb5 Rxa1 26. Bxa1
Ba8 27. Bd3 Rd8 28. Qc4 Rd4 29. Qa2 Qb7 30. e4 Nxe4 31. Bxe4 Rxd1+ 32. Nxd1
Qxe4 33. Kf1 Qh1+ 0-1

[Event "66th ch-RUS w 2016"]
[Site "Novosibirsk RUS"]
[Date "2016.10.26"]
[Round "10"]
[White "Ubiennykh,E"]
[Black "Charochkina,D"]
[Result "0-1"]
[WhiteElo "2346"]
[BlackElo "2366"]
[EventDate "2016.10.15"]

1. d4 f5 2. Nc3 Nf6 3. Bg5 c6 4. Bxf6 exf6 5. d5 Qb6 6. Rb1 Bb4 7. e3 Qa5
8. Nge2 Qxa2 9. Nf4 g5 10. Nh5 O-O 11. d6 Qe6 12. Bd3 Qxd6 13. Ng3 Qe5 14.
Bxf5 d5 15. Bxc8 Rxc8 16. Qg4 Na6 17. O-O Kh8 18. Nce2 Bd6 19. Nd4 Rg8 20.
b4 Nc7 21. Ndf5 Qe6 22. Nh5 Rg6 23. Rbd1 Be5 24. e4 dxe4 25. Rfe1 Nd5 26.
Rxe4 Nc3 27. Rd6 Bxh2+ 28. Kxh2 Qxe4 29. Qh3 g4 30. Qxc3 Qxf5 31. Nxf6 Qf4+
32. Kg1 Qc1+ 33. Kh2 Qh6+ 34. Nh5+ Kg8 35. Rxg6+ Qxg6 36. Qc4+ Kf8 37. Qf4+
Qf7 38. Qxg4 Re8 39. Qg5 Qg6 40. Qf4+ Qf7 41. Qh6+ Ke7 42. Qg5+ Kd6 43. Nf4
Kc7 44. g3 Kb8 45. Qc5 Qe7 46. Qc3 a6 47. Nd3 Qf7 48. Nf4 Qf5 49. Qd2 Qe4
50. Qd6+ Ka8 51. Qd7 Re5 52. Qd6 Rf5 53. Qd2 h5 54. Kg1 Ka7 55. Nd3 h4 56.
gxh4 Qxh4 57. Qe3+ Kb8 58. Qe8+ Kc7 59. Kf1 Qh1+ 60. Ke2 Qh5+ 61. Qxh5 Rxh5
62. Ke3 b6 63. Kd4 Kd6 64. f4 a5 65. bxa5 bxa5 66. Nb2 Rb5 67. Nc4+ Ke6 68.
Na3 Rb2 69. Kc3 Rb8 70. Kd4 Rb4+ 71. Kc5 Kd7 72. Nc4 Rb5+ 73. Kd4 a4 74.
Na3 Rb4+ 75. Ke5 Ke7 76. f5 Rb2 77. f6+ Kf7 78. Kf5 Ra2 79. Nc4 Rxc2 80.
Ne5+ Kg8 81. Kg6 Rg2+ 82. Kf5 Rf2+ 83. Ke6 Rxf6+ 0-1

[Event "66th ch-RUS w 2016"]
[Site "Novosibirsk RUS"]
[Date "2016.10.27"]
[Round "11"]
[White "Gunina,V"]
[Black "Ubiennykh,E"]
[Result "1-0"]
[WhiteElo "2535"]
[BlackElo "2346"]
[EventDate "2016.10.15"]

1. d4 Nf6 2. Nf3 g6 3. e3 Bg7 4. Be2 d5 5. O-O O-O 6. c4 b6 7. cxd5 Bb7 8.
Nc3 Nxd5 9. Qc2 c5 10. dxc5 Nxc3 11. bxc3 bxc5 12. e4 Qa5 13. Rb1 Ba6 14.
e5 Bxe2 15. Qxe2 Nc6 16. Rb5 Qa6 17. e6 f5 18. Qc4 Ne5 19. Nxe5 Bxe5 20. a4
Rac8 21. Re1 Rfd8 22. Bg5 Qd6 23. h4 f4 24. Rb7 Rc7 25. Qe4 Rxb7 26. Qxb7
Bxc3 27. Bxe7 Qd2 28. Rf1 Qd5 29. Qc7 Ra8 30. Rb1 Be5 31. Qd7 Qe4 32. Rd1
Qf5 33. Bd8 Bd4 34. Qd6 f3 35. Rxd4 cxd4 36. e7 Qe4 37. Qf6 1-0

[Event "66th ch-RUS w 2016"]
[Site "Novosibirsk RUS"]
[Date "2016.10.27"]
[Round "11"]
[White "Kashlinskaya,A"]
[Black "Galliamova,A"]
[Result "1-0"]
[WhiteElo "2462"]
[BlackElo "2450"]
[EventDate "2016.10.15"]

1. d4 d5 2. c4 c6 3. Nf3 Nf6 4. Nc3 e6 5. Bg5 Nbd7 6. cxd5 exd5 7. e3 h6 8.
Bh4 g5 9. Bg3 Nh5 10. Bd3 Nxg3 11. hxg3 Bg7 12. Qc2 Nb6 13. O-O-O Be6 14.
Kb1 Qe7 15. Rc1 O-O-O 16. Nd2 Kb8 17. Nb3 Bc8 18. a3 Rhf8 19. Na2 f5 20.
Na5 Ka8 21. Rhe1 f4 22. gxf4 gxf4 23. e4 dxe4 24. Bxe4 Qf6 25. Nb4 Rxd4 26.
f3 Nc4 27. Nxc4 Rxc4 28. Qe2 Rxc1+ 29. Rxc1 Bf5 30. Bxf5 Qxf5+ 31. Rc2 Rd8
32. Ka1 Qd7 33. Qe4 Qd4 34. Qf5 Bf8 35. Qa5 Qd1+ 36. Ka2 c5 37. Qc7 a6 38.
Nxa6 Qd5+ 39. Ka1 Qd1+ 40. Ka2 Qd5+ 41. Ka1 Qd6 42. Qa5 b6 43. Qa4 Kb7 44.
Rc1 Qd2 45. Qc4 Qd3 46. Nxc5+ Bxc5 47. Qxf4 Qd6 48. Qe4+ Kb8 49. Qa4 Qd2
50. Rc2 Qd1+ 51. Ka2 Qd7 52. Qf4+ Qd6 53. Qg4 Re8 54. Qh5 Re5 55. Qh2 Qe6+
56. Kb1 Kb7 57. Rc1 Re2 58. Qf4 Qb3 59. Qf6 Qd3+ 60. Ka1 Qd4 61. Qf7+ Ka6
62. Rc3 Rxg2 63. Qe6 Qd1+ 64. Ka2 Kb7 65. f4 Rg7 66. Qe4+ Ka7 67. Rd3 Qh5
68. Rd8 Qf7+ 69. b3 b5 70. Qa8+ Kb6 71. Rb8+ Kc7 72. Rb7+ Kd6 73. Rxf7 Rxf7
74. Qa6+ Ke7 75. Qxb5 Bd6 76. f5 Kf6 77. Qd5 Bf4 78. Qe6+ Kg7 79. b4 Bg5
80. b5 Rf6 81. Qd7+ Kg8 82. a4 Rf8 83. b6 1-0

[Event "66th ch-RUS w 2016"]
[Site "Novosibirsk RUS"]
[Date "2016.10.27"]
[Round "11"]
[White "Goryachkina,A"]
[Black "Pustovoitova,D"]
[Result "1/2-1/2"]
[WhiteElo "2460"]
[BlackElo "2386"]
[EventDate "2016.10.15"]

1. c4 c5 2. Nf3 Nc6 3. Nc3 g6 4. g3 Bg7 5. Bg2 e5 6. O-O Nge7 7. Ne1 d6 8.
Nc2 h5 9. h4 g5 10. hxg5 h4 11. d3 Be6 12. e4 Qd7 13. f4 exf4 14. gxf4 Bg4
15. Bf3 Bxf3 16. Qxf3 f5 17. Qh3 O-O-O 18. Bd2 Rdf8 19. Rab1 Kb8 20. Nd5
Nxd5 21. exd5 Nd4 22. Nxd4 Bxd4+ 23. Be3 Qg7 24. Bxd4 Qxd4+ 25. Kh1 Re8 26.
Rbe1 Rxe1 27. Rxe1 Qxf4 28. g6 Rg8 29. Rf1 Qg5 30. Rg1 Qf6 31. Qe3 Kc7 32.
Qe6 Qxe6 33. dxe6 Rg7 34. Rg5 f4 35. Kg2 Kd8 36. Kf3 Ke7 37. Kxf4 Kxe6 38.
Rg4 Kf6 39. Rxh4 Rxg6 40. Rh7 Rg7 41. Rxg7 Kxg7 42. Ke4 Kf6 43. Kd5 Ke7 44.
d4 cxd4 45. Kxd4 Ke6 46. Ke4 Kf6 47. Kd5 Ke7 48. a4 Kd7 49. a5 a6 50. b3
Ke7 51. b4 Kd7 52. b5 axb5 53. cxb5 Kc7 54. Ke6 d5 55. Kxd5 Kd7 56. Ke5 Kc7
57. Ke6 Kd8 58. Kd6 Kc8 59. b6 Kb8 60. Kd7 1/2-1/2